00561nam a2200169 a 450000100100000000500170001000800410002704000250006808200200009310000280011324500900014126000520023130000270028365000240031065000270033470000300036100000950420240412074211.0090930s2004 dr 000 0 spa d aDO-SdBNPbspacBNPHU aRD861.44bA658u1 aAracena Disla, Mercedes10aUn espacio bajo el sol /cMercedes Aracena Disla ; prefacio Carmen Marina de Jesús. aSan Francisco de Macorís :bTiempo,c[200?],. a44 p. :bil. ;c21 cm. 0aPoesía dominicana 0aLiteratura dominicana.12aJesús, Carmen Marina de